[Event "COL-ch U10"]
[Site "Medellin"]
[Date "2025.04.26"]
[Round "4"]
[White "Molina Vivas, Joshua"]
[Black "Hernandez Arias, Samuel"]
[Result "0-1"]
[WhiteElo "1479"]
[BlackElo "1563"]
[PlyCount "116"]
[EventDate "2025.04.24"]
[EventType "swiss"]
[EventRounds "7"]
[EventCountry "COL"]
[SourceTitle "CB18_2025"]
[SourceDate "2025.04.30"]
[SourceVersion "1"]
[SourceVersionDate "2025.04.30"]
[SourceQuality "1"]

1. e4 c5 2. Nf3 Nc6 3. d4 cxd4 4. Nxd4 e5 5. Nb5 d6 6. N5c3 Nf6 7. Nd2 Be7 8. a3 Bg4 9. f3 Be6 10. Bd3 0-0 11. 0-0 Rc8 12. Kh1 Nh5 13. Ne2 Bg5 14. Nb1 Bxc1 15. Qxc1 Qh4 16. Qe1 Qxe1 17. Rxe1 g6 18. g4 Nf4 19. Nxf4 exf4 20. Nc3 Ne5 21. Kg2 a6 22. Rad1 Rfd8 23. Rd2 Bc4 24. h4 Kg7 25. Ne2 d5 26. exd5 Bxd5 27. Rf1 Nxg4 28. Kh3 Ne3 29. Rf2 Be6+ 30. Kh2 Nc4 31. Rd1 Nxb2 32. Rb1 Nxd3 33. cxd3 Rxd3 34. Nxf4 Rd7 35. Rg2 Rc4 36. Kg3 Bf5 37. Rb3 b5 38. Ne2 Rc2 39. Nf4 Rxg2+ 40. Kxg2 h6 41. Kf2 g5 42. hxg5 hxg5 43. Nh5+ Kg6 44. Ng3 Rd3 45. Rxd3 Bxd3 46. Ke3 Bf5 47. Kd4 a5 48. Kc5 Bd3 49. Kd4 Bc4 50. a4 f5 51. axb5 Bxb5 52. Kc5 a4 53. Kb4 Bc6 54. Nf1 Bxf3 55. Kxa4 g4 56. Kb3 f4 57. Kc3 g3 58. Nd2 Bd5 0-1

[Event "Dosquebradas Fiestas del Progreso"]
[Site "Dosquebradas"]
[Date "2024.12.07"]
[Round "7"]
[White "Molina Vivas, Joshua"]
[Black "Loaiza Ferreira, Luis Angel"]
[Result "1-0"]
[WhiteElo "1461"]
[BlackElo "1678"]
[PlyCount "73"]
[EventDate "2024.12.04"]
[EventType "swiss"]
[EventRounds "9"]
[EventCountry "COL"]
[SourceTitle "CB50_2024"]
[SourceDate "2024.11.01"]
[SourceVersion "1"]
[SourceVersionDate "2024.11.01"]
[SourceQuality "2"]

1. e4 c5 2. Nf3 Nc6 3. d4 cxd4 4. Nxd4 d6 5. Bb5 Bd7 6. c4 a6 7. Bxc6 bxc6 8. Nc3 g6 9. Qa4 c5 10. Nc6 Qc7 11. Nd5 Bxc6 12. Nxc7+ Kd7 13. Qa5 Rc8 14. Nxa6 Bg7 15. Qb6 Nf6 16. Qa7+ Ke6 17. Nc7+ Ke5 18. Nd5 Bxd5 19. exd5 Rhd8 20. 0-0 Kf5 21. Re1 Bf8 22. a4 Ng8 23. a5 Kf6 24. a6 Ra8 25. Qb6 Rdb8 26. Qc7 Rc8 27. Qd7 Rd8 28. Qg4 Kg7 29. Qh4 Kh8 30. Bd2 Rd7 31. Bc3+ f6 32. Re3 Nh6 33. g4 g5 34. Qxg5 Nf7 35. Qh5 Ne5 36. g5 Bg7 37. Rh3 1-0

[Event "Popayan Yeika op 1st"]
[Site "Popayan"]
[Date "2024.10.14"]
[Round "7"]
[White "Jojoa Bravo, Manuel Alejandro"]
[Black "Molina Vivas, Joshua"]
[Result "1/2-1/2"]
[WhiteElo "1529"]
[BlackElo "1465"]
[PlyCount "32"]
[EventDate "2024.10.11"]
[EventType "swiss"]
[EventRounds "7"]
[EventCountry "COL"]
[SourceTitle "CB43_2024"]
[Source "Chessbase"]
[SourceDate "2024.10.23"]
[SourceVersion "1"]
[SourceVersionDate "2024.10.23"]
[SourceQuality "1"]

1. d4 d5 2. Nf3 e6 3. e3 Nf6 4. Bd3 Be7 5. Nbd2 0-0 6. 0-0 c5 7. c3 Nc6 8. Qe2 b6 9. e4 dxe4 10. Nxe4 cxd4 11. c4 Nb4 12. Bg5 Nxd3 13. Qxd3 Nxe4 14. Bxe7 Qxe7 15. Qxe4 Bb7 16. Qd3 e5 1/2-1/2

[Event "Medellin Castro Memorial op-B 31st"]
[Site "Medellin"]
[Date "2024.08.10"]
[Round "7"]
[White "Villada Taborda, Juliana"]
[Black "Molina Vivas, Joshua"]
[Result "0-1"]
[WhiteElo "1569"]
[BlackElo "1597"]
[PlyCount "34"]
[EventDate "2024.08.07"]
[EventType "swiss"]
[EventRounds "9"]
[EventCountry "COL"]
[SourceTitle "CBM 221 Extra"]
[Source "ChessBase"]
[SourceDate "2024.09.30"]
[SourceVersion "1"]
[SourceVersionDate "2024.09.30"]
[SourceQuality "1"]

1. d4 d5 2. Nf3 Nf6 3. Bf4 e6 4. e3 Be7 5. c4 c6 6. Nc3 Nbd7 7. Be2 0-0 8. 0-0 a5 9. Qc2 b6 10. a4 Ba6 11. b3 Re8 12. Bd3 Nf8 13. Ne5 Qc8 14. e4 Ng6 15. Nxg6 hxg6 16. e5 Nh7 17. Rfe1 Qd7 0-1

[Event "Medellin Castro Memorial op-B 31st"]
[Site "Medellin"]
[Date "2024.08.09"]
[Round "5"]
[White "Bustos Acosta, Isauro"]
[Black "Molina Vivas, Joshua"]
[Result "1-0"]
[WhiteElo "1782"]
[BlackElo "1597"]
[PlyCount "79"]
[EventDate "2024.08.07"]
[EventType "swiss"]
[EventRounds "9"]
[EventCountry "COL"]
[SourceTitle "CBM 221 Extra"]
[Source "ChessBase"]
[SourceDate "2024.09.30"]
[SourceVersion "1"]
[SourceVersionDate "2024.09.30"]
[SourceQuality "1"]

1. c4 e6 2. Nc3 Nf6 3. d4 d5 4. Bg5 c6 5. e3 Be7 6. Bd3 Nbd7 7. Qc2 h6 8. Bh4 a5 9. a3 b6 10. Nge2 Ba6 11. b3 Qc8 12. 0-0 0-0 13. f3 Bd6 14. f4 dxc4 15. bxc4 c5 16. d5 exd5 17. cxd5 c4 18. Bf5 Qb7 19. a4 Bc5 20. Rf3 Rfe8 21. Qd2 Nh7 22. Kh1 Ndf8 23. e4 Be7 24. Bf2 Nd7 25. d6 Bf8 26. Rd1 g6 27. Bxd7 Qxd7 28. Bxb6 Bb7 29. Re3 Bc6 30. Qd4 Qe6 31. Bc7 Bg7 32. Qc5 Bxc3 33. Nxc3 Bd7 34. Bxa5 Rec8 35. Bc7 Ra6 36. a5 Nf6 37. Nd5 Nxe4 38. Rxe4 Rxc7 39. Qxc7 Qxe4 40. Nf6+ 1-0